| 000 | 00868nam a2200229 4500 | ||
|---|---|---|---|
| 001 | 45081 | ||
| 010 | _a9789896461744 | ||
| 021 | _b530165/24 | ||
| 090 | _a45081 | ||
| 100 | _a20240702d2024 m y0pory50030103ba | ||
| 101 | 0 | _apor | |
| 102 | _aPT | ||
| 200 | 1 |
_aPessoas com deficiência em Portugal _eindicadores de direitos humanos 2022 _fPaula Campos Pinto.... [et al.] _gObservatório da Deficiência e Direitos Humanos |
|
| 210 | 9 |
_aLisboa _cISCP - Instituto Superior de Ciências Sociais e Políticas, _dD.L. 2024 |
|
| 215 |
_a79, [1] p. _cil. _d30 cm |
||
| 675 | _a314-056 | ||
| 675 |
_a316.344-056.2/.3(469)"2023"(047.1) _vBN _zpor |
||
| 675 |
_a342.72-056.2/.3(469)"2023"(047.1) _vBN _zpor |
||
| 701 | 1 |
_aPinto, _bPaula Campos _4070 |
|
| 801 | 0 |
_aPT _bBN _gRPC |
|
| 856 | 4 | 1 | _uhttp://rnod.bnportugal.gov.pt/ImagesBN/winlibimg.aspx?skey=&doc=2171412&img=195933&save=true |
| 990 | _cLIVROS | ||